Paroles - Quelque chose de Tennessee - Johnny Hallyday - Statistiques

Statistiques générales
  • Ce quiz a été pris 604 fois
  • Le résultat moyen est 167 sur 232
Statistiques - réponses
Réponses % Correct
À
99%
à
99%
a
99%
de
99%
quelque
99%
Quelque
99%
chose
98%
Tennessee
98%
en
97%
nous
97%
tous
95%
On
94%
Ce
91%
ce
91%
la
91%
un
88%
vie
86%
une
85%
lui
83%
Cette
82%
cette
82%
ses
80%
avec
79%
Avec
79%
Le
78%
le
78%
Qui
78%
qui
78%
autre
77%
nuit
77%
vivre
76%
mots
75%
et
72%
rêve
69%
Il
68%
fou
67%
volonté
67%
désir
66%
envie
66%
65%
vers
64%
l'infini
63%
prolonger
63%
son
63%
Y
61%
pousse
60%
vous
60%
Vous
60%
Oh
57%
Si
53%
cri
52%
force
52%
c'était
51%
formidable
51%
peu
51%
cœur
50%
Comme
50%
comme
50%
du
50%
tellement
50%
d'envie
48%
Ainsi
47%
bruit
47%
d'amour
47%
oui
47%
dans
46%
hommes
45%
autres
43%
corps
41%
Sans
41%
sans
41%
tant
41%
vivait
41%
démoli
40%
Quand
40%
folie
39%
l'heure
36%
sur
35%
endormi
34%
étoile
34%
faibles
34%
ami
33%
jeu
33%
merveilleux
33%
sentiment
33%
s'est
33%
s'éteint
33%
seul
33%
ville
33%
amour
32%
d'autres
32%
disparut
32%
grâce
32%
main
32%
qu'une
32%
s'aiment
32%
faut
31%
heures
31%
votre
29%
retirer
28%
certaines
27%
épaule
27%
mettez
27%
posée
27%
tendre
27%
fièvre
26%
flotte
25%
légère
24%
voix
23%
éclat
22%
Ouais
6%
Aucun quiz correspondant
Distribution des résultats
% des personnes avec chaque résultat
Percentile par nombre de réponses
Votre historique - résultats
Vous n’avez pas pris ce quiz